Specialized discourse: linguistic features and changing conventions

I tiakina i:
Ngā taipitopito rārangi puna kōrero
Kaituhi matua: Gotti, Maurizio (Author)
Hōputu: Pukapuka
Reo:Ingarihi
I whakaputaina: Berna Peter Lang 2003
Putanga:1a. ed
Rangatū:Linguistics Insights Studies in Language and Communication, 8
Ngā marau:
Ngā Tūtohu: Tāpirihia he Tūtohu
Kāore He Tūtohu, Me noho koe te mea tuatahi ki te tūtohu i tēnei pūkete!

MARC

LEADER 00000nam a2200000 a 4500
001 UCK0939
003 CL-VaPUC
008 041029e20030000SZ |||||||||||||||||eng|d
020 |a 3039100270 
082 0 4 |a 401.41  |b GOT  |2 21 
100 |a Gotti, Maurizio  |e author  |9 620638 
245 1 0 |a Specialized discourse: linguistic features and changing conventions 
250 |a 1a. ed 
300 |a 351 p 
942 |c BK 
945 |d 20041029 00:00:00  |a cmena 
260 |a Berna  |b Peter Lang  |c 2003 
650 0 |a Análisis del discurso  |9 256696 
650 0 |a Redacción técnica  |9 259855 
650 0 |a Psicolingüística   |9 283371 
650 0 |a Sociolingüística  |9 263716 
583 |a last modification  |c 20041029 00:00:00  |k Rodrigo Vera 
490 0 |a Linguistics Insights Studies in Language and Communication, 8 
999 |c 311086  |d 311084 
952 |0 0  |1 0  |4 0  |6 401_410000000000000_GOT_2003  |7 0  |8 A  |9 380298  |a FDOPOS  |b BIBEDU  |d 2019-11-21  |i 4074025  |l 1  |o 401.41 GOT 2003  |p 4074025  |r 2025-01-22  |s 2024-04-17  |w 2019-11-21  |y BK  |k MLA